00587 2200181 4500001002100000005001700021008004100038035002400079082001300103090002200116100001300138245010100151260004700252300003800299504002900337650002100366990001800387YOGYA-0313000000011220130304142905.0 ind  0010-031300000000112 a616.3427 aSK 616.3427 Kus S aKUSYANTI aStudi epidemiologi penyakit diare pada balita di kabupaten Sleman tahun 1994-1998cOleh Kusyanti aYogyakarta:bDepkes RI Akademi Gizi,c1999 aiv, 58 lbr.:bIlus., lamp.; 29 cm aBibliografi : lbr. 48-49 aDiare (penyakit) a44595-PD/A.12